00430cam a2200169ua 450000100060000000800390000602000180004504000090006304100080007208200080008010000240008824500370011226000410014930000100019065300440020065300160024411028190801n ii |||gr||||Z||||||eng a9789383529032 cMAIN aeng a882 aRK Jalali,eAuthor. aSophocles AntigonecBy RK Jalali aDelhi:bOptimus publications,c2019. a252p. aClassical Greek dramatic poetry & drama aGreek drama